000 00599nam a2200193Ia 4500
005 20250423101307.0
008 250422s9999 xx 000 0 und d
020 _a0838543286
050 _aR 834 .5 .G65/
100 _aGoldberg, Joel S.
245 4 _aThe instant exam review for the USMLE step 2
250 _a2nd ed.
260 _aStamford
260 _bAppleton & Lange
260 _c1996
300 _a475 p
650 _aMedicine --Examinations, questions, etc. Medicine --Outlines, syllabi, etc. Clinical Medicine --examination questions. Clinical Medicine --outlines.
942 _cBK
999 _c35880
_d35880